Bowling Balls By Manufacturer (HARD) - Statistics

General Stats
  • This quiz has been taken 49 times
  • The average score is 8 of 16
Answer Stats
Picture Answer % Correct
Roto Grip
80%
Storm
77%
Motiv
71%
900 Global
69%
Brunswick
60%
DV8
54%
Track
51%
Ebonite
49%
Hammer
46%
Radical
43%
Columbia 300
40%
Radical
37%
Ebonite
34%
Swag
34%
Track
34%
Roto Grip
26%
No matching quizzes found
Score Distribution
Percent of People with Each Score
Percentile by Number Answered
Your Score History
You have not taken this quiz